[Event "Sydney International Open"]
[Site "*"]
[Date "2007.04.10"]
[Round "1.44"]
[White "Cohn, Jason"]
[Black "Ikeda, Junta"]
[Result "0-1"]
[WhiteElo "1612"]
[BlackElo "2154"]
[PlyCount "60"]

1. e4 c5 2. Nf3 e6 3. d3 d5 4. Nbd2 Nc6 5. g3 g6 6. Bg2 Bg7 7. O-O Nge7 8. Re1
O-O 9. Qe2 b6 10. Nf1 h6 11. h4 e5 12. Ne3 d4 13. Nd5 Be6 14. Nxe7+ Qxe7 15.
Nh2 Rac8 16. h5 g5 17. f4 f6 18. c4 dxc3 19. bxc3 Rfd8 20. f5 Bf7 21. Be3 Bf8
22. g4 Qd7 23. Rad1 b5 24. Qf2 b4 25. Bxc5 Bxc5 26. Qxc5 Nd4 27. Qxb4 Nc2 28.
Qb1 Nxe1 29. Rxe1 Qxd3 30. Bf1 Qxc3 0-1

[Event "Sydney International Open"]
[Site "*"]
[Date "2007.04.10"]
[Round "1.45"]
[White "Caoili, Arianne B"]
[Black "Christensen, Joshua"]
[Result "1/2-1/2"]
[WhiteElo "2153"]
[BlackElo "1605"]
[PlyCount "47"]

1. d4 d5 2. Nf3 Nf6 3. c4 e6 4. Nc3 Be7 5. Bf4 O-O 6. e3 Nbd7 7. Be2 dxc4 8.
Bxc4 a6 9. O-O Nh5 10. Be5 c5 11. Qe2 b5 12. Bd3 Nhf6 13. Rfd1 Qb6 14. Bg3 Bb7
15. Rac1 Rac8 16. Bb1 Rfd8 17. Bh4 Nf8 18. dxc5 Qxc5 19. Rxd8 Rxd8 20. Rd1 Qh5
21. Rxd8 Bxd8 22. Bg3 N8d7 23. Qd1 Bb6 24. Ne5 1/2-1/2

[Event "Sydney International Open"]
[Site "*"]
[Date "2007.04.10"]
[Round "1.48"]
[White "Ross, Bill"]
[Black "Wei, Michael"]
[Result "0-1"]
[WhiteElo "1533"]
[BlackElo "2148"]
[PlyCount "94"]

1. e4 c5 2. Nc3 Nc6 3. f4 g6 4. Nf3 Bg7 5. Bb5 Nd4 6. O-O Nxb5 7. Nxb5 d5 8. e5
a6 9. Nc3 Nh6 10. d3 Nf5 11. Qe1 O-O 12. Ne2 h5 13. Ng3 e6 14. Nxf5 exf5 15. c3
b5 16. d4 c4 17. Bd2 Qe7 18. Qg3 Bd7 19. Rae1 a5 20. Qg5 Qe6 21. Qg3 Qc6 22.
Re2 Rab8 23. Rfe1 Rfe8 24. Ng5 Be6 25. Kf1 b4 26. Ra1 Bf8 27. Nf3 Qa4 28. Nh4
Kh7 29. Nf3 Rb7 30. Be1 bxc3 31. Bxc3 Bb4 32. Ng5+ Kg8 33. Qe1 Bxc3 34. Qxc3
Qb4 35. Qxb4 axb4 36. Nxe6 fxe6 37. Kf2 Ra8 38. Ree1 Rba7 39. a3 bxa3 40. bxa3
Rxa3 41. Rac1 Ra2+ 42. Kf1 Rd2 43. Ra1 Raa2 44. Rxa2 Rxa2 45. Rb1 Rd2 46. Rb6
c3 47. Rxe6 c2 0-1

[Event "Sydney International Open"]
[Site "*"]
[Date "2007.04.10"]
[Round "1.49"]
[White "Bernardino, Almario Marlon"]
[Black "Wan, Dennis"]
[Result "1-0"]
[WhiteElo "2146"]
[BlackElo "1525"]
[PlyCount "43"]

1. d4 d5 2. Nc3 Nc6 3. Bf4 a6 4. e4 e6 5. Nf3 Bd6 6. e5 Bb4 7. a3 Bxc3+ 8. bxc3
Nge7 9. Bd3 Ng6 10. Bg3 O-O 11. h4 f5 12. h5 Nh4 13. Bxh4 Qe8 14. g4 h6 15.
gxf5 exf5 16. Nd2 f4 17. Qf3 Qe6 18. O-O-O Ne7 19. Rdg1 g5 20. hxg6 Kg7 21. Qh5
Ng8 22. Bg5 {Both players record the finish as 22...Nxg6 (illegal move) 23
Bxh6+ Kf7 24 Rxg6 Ke7 25 Rxe6+ Bxe6 26 Bxf8+ Rxf8 27 Qg5+  Ke8 28 Rh7 Bf7 29
Bg6 Bxg6 30 Qxg6+ Kd8 31 Qg7 Black resigned.} 1-0

[Event "Sydney International Open"]
[Site "*"]
[Date "2007.04.10"]
[Round "1.50"]
[White "Greenwood, Norman"]
[Black "Lazarus, Benjamin"]
[Result "0-1"]
[WhiteElo "1515"]
[BlackElo "2140"]
[PlyCount "134"]

1. d4 Nf6 2. Nf3 e6 3. Bg5 c5 4. e3 cxd4 5. exd4 Qa5+ 6. Qd2 Qb6 7. c3 Ne4 8.
Qc2 Nxg5 9. Nxg5 Be7 10. Nf3 d5 11. Bd3 h6 12. Nbd2 Bd7 13. Qb3 Qc7 14. Ne5 Nc6
15. Ndf3 Bd6 16. Bb5 Nxe5 17. dxe5 Bxe5 18. Bxd7+ Kxd7 19. O-O Bd6 20. Rad1 Ke7
21. g3 Rhe8 22. Rfe1 Kf8 23. Nd4 a6 24. a3 Kg8 25. Kg2 Rad8 26. Nf3 b5 27. Rd2
Rb8 28. Qd1 a5 29. Ree2 Rec8 30. Rc2 Qb7 31. Qd4 Rc4 32. Qd3 Rbc8 33. Nd2 R4c7
34. Kg1 b4 35. Ne4 Be7 36. Nd2 bxa3 37. bxa3 Bxa3 38. Nf3 Be7 39. Nd4 Rc4 40.
Rb2 Qc7 41. Nb5 Qc5 42. Qb1 Bf6 43. Kg2 Bxc3 44. Nxc3 Rxc3 45. Rb5 Qc6 46. Rxa5
d4+ 47. Qe4 Qxe4+ 48. Rxe4 Rd8 49. Ra2 Rc5 50. Rd2 e5 51. f4 f6 52. fxe5 fxe5
53. h4 Kf7 54. g4 Ke6 55. Rd3 Kd5 56. Re1 Rc4 57. Ra3 Rdc8 58. Ra7 R8c7 59. Ra8
Rc2+ 60. Kf1 Rf7+ 61. Kg1 Re7 62. Rd8+ Kc4 63. g5 hxg5 64. hxg5 Kd3 65. g6 Re6
66. Rd5 Rxg6+ 67. Kh1 Rc8 0-1

[Event "Sydney International Open"]
[Site "*"]
[Date "2007.04.10"]
[Round "1.51"]
[White "Broekhuyse, Paul"]
[Black "Leong, Edward"]
[Result "1-0"]
[WhiteElo "2137"]
[BlackElo "1510"]
[PlyCount "51"]

1. d4 Nf6 2. c4 e6 3. Nc3 Bb4 4. Qc2 c5 5. dxc5 Bxc5 6. Bf4 O-O 7. Nf3 Nc6 8.
a3 a6 9. e3 b6 10. Be2 Bb7 11. O-O Re8 12. b4 Be7 13. Rfd1 Qc8 14. e4 h6 15. e5
Nh7 16. Qd2 Nb8 17. Bxh6 gxh6 18. Qxh6 Bf8 19. Qh5 Bg7 20. Bd3 Nf8 21. Ng5 Re7
22. Nge4 Ng6 23. Nf6+ Kf8 24. Qh7 Bxf6 25. exf6 Re8 26. Qg7# 1-0

[Event "Sydney International Open"]
[Site "*"]
[Date "2007.04.10"]
[Round "1.52"]
[White "Wu, Shirley"]
[Black "Bennett, Hilton"]
[Result "0-1"]
[WhiteElo "1502"]
[BlackElo "2134"]
[PlyCount "136"]

1. e4 d5 2. exd5 Nf6 3. Bc4 Nxd5 4. Nf3 Bg4 5. O-O e6 6. c3 Nb6 7. Bb3 Qf6 8.
d4 Bxf3 9. Qxf3 Qxf3 10. gxf3 N8d7 11. Re1 c6 12. Bf4 Be7 13. Nd2 Nd5 14. Bg3
N7f6 15. Nc4 Rd8 16. Re2 O-O 17. Rae1 Nh5 18. Re4 Nhf6 19. R4e2 c5 20. Ne3 cxd4
21. Nxd5 Nxd5 22. cxd4 Bf6 23. Rd1 a6 24. Rc2 Rc8 25. Be5 Rxc2 26. Bxc2 Rc8 27.
Be4 Be7 28. Re1 Bb4 29. Re2 f6 30. Bxd5 exd5 31. Bf4 Kf7 32. a3 Bf8 33. Kf1 Rc6
34. Ke1 Bd6 35. Bg3 Be7 36. Bf4 Re6 37. Re3 g5 38. Bb8 Bd6 39. Bxd6 Rxd6 40.
Kd2 Rc6 41. Re1 Rb6 42. Kc3 a5 43. b3 Rc6+ 44. Kd3 h6 45. a4 Rc7 46. Kd2 Rc6
47. Kd3 Rb6 48. Kc2 Re6 49. Re3 f5 50. h3 f4 51. Rxe6 Kxe6 52. Kc3 Kf5 53. Kd3
h5 54. h4 g4 55. fxg4+ Kxg4 56. Ke2 b6 57. Kf1 Kf3 58. Ke1 Ke4 59. Kd2 Kxd4 60.
f3 Kc5 61. Kc3 d4+ 62. Kd3 Kd5 63. Kc2 Kc5 64. Kd3 Kb4 65. Kxd4 Kxb3 66. Ke4
Kxa4 67. Kxf4 b5 68. Ke4 b4 0-1

[Event "Sydney International Open"]
[Site "*"]
[Date "2007.04.10"]
[Round "1.53"]
[White "Zvedeniouk, Ilia"]
[Black "Tacorda, Ely"]
[Result "1-0"]
[WhiteElo "2121"]
[BlackElo "1500"]
[PlyCount "39"]

1. d4 d5 2. Nf3 Nf6 3. c4 e6 4. Nc3 Nc6 5. Bg5 Be7 6. e3 O-O 7. Bd3 b6 8. O-O
Nb4 9. Be2 Bd6 10. Ne5 Be7 11. a3 Re8 12. axb4 Bxb4 13. cxd5 Bxc3 14. bxc3 exd5
15. Bb5 Rf8 16. Qf3 Re8 17. Bxe8 Qxe8 18. Bxf6 b5 19. Qg3 Rb8 20. Qxg7# 1-0

[Event "Sydney International Open"]
[Site "*"]
[Date "2007.04.10"]
[Round "1.54"]
[White "Wettstein, Carla"]
[Black "Munoz, Contreras Nelson"]
[Result "1/2-1/2"]
[WhiteElo "1487"]
[BlackElo "2117"]
[PlyCount "108"]

1. c4 Nf6 2. Nc3 g6 3. d4 Bg7 4. g3 O-O 5. Bg2 c6 6. Nf3 d6 7. O-O Nbd7 8. e4
e5 9. d5 cxd5 10. cxd5 Nc5 11. Re1 Bg4 12. h3 Bd7 13. b4 Na6 14. a3 Qc8 15. Bd2
Bxh3 16. Bh1 Nh5 17. Ne2 Bd7 18. Rc1 Qe8 19. Be3 h6 20. Nh2 f5 21. exf5 gxf5
22. Qd2 f4 23. gxf4 Qg6+ 24. Bg2 Bh3 25. Ng3 Bxg2 26. Nxh5 Bh3+ 27. Ng3 h5 28.
Nf3 e4 29. Ng5 Bf5 30. Kh2 Bh6 31. Nxf5 Bxg5 32. Ne7+ Bxe7 33. Rg1 Qxg1+ 34.
Rxg1+ Kf7 35. Qd4 Rg8 36. Rxg8 Rxg8 37. Qxe4 Nc7 38. Qf5+ Ke8 39. Qc8+ Bd8 40.
Qxb7 Rg4 41. Qc6+ Ke7 42. Kh3 Ne8 43. b5 Ng7 44. Qc2 Kf7 45. Bd4 Rxf4 46. Bxg7
Kxg7 47. Qc3+ Kg6 48. Qc8 Bb6 49. Qe6+ Rf6 50. Qe4+ Kg5 51. Qh4+ Kg6 52. Qe4+
Kg5 53. f3 Bc5 54. a4 Rf4 1/2-1/2

[Event "Sydney International Open"]
[Site "*"]
[Date "2007.04.10"]
[Round "1.55"]
[White "Oliver, Gareth"]
[Black "Parker, Trent"]
[Result "1-0"]
[WhiteElo "2110"]
[BlackElo "1483"]
[PlyCount "103"]

1. d4 Nf6 2. c4 c5 3. d5 b5 4. cxb5 a6 5. bxa6 g6 6. Nc3 Bxa6 7. e4 Bxf1 8.
Kxf1 d6 9. g3 Bg7 10. Kg2 O-O 11. Nf3 Nbd7 12. h3 Qa5 13. Qe2 Rfb8 14. Rb1 Ne8
15. Bd2 Nc7 16. a3 Nb5 17. Rhc1 Ra7 18. b4 Nxc3 19. Bxc3 Qb5 20. Qxb5 Rxb5 21.
Bxg7 Kxg7 22. Rc3 cxb4 23. axb4 Rab7 24. Rc4 Nc5 25. Ne1 Na6 26. Nc2 f5 27. f3
Kf6 28. Kf2 e6 29. dxe6 Kxe6 30. Nd4+ Ke5 31. Nxb5 Rxb5 32. Ke3 g5 33. exf5
Kxf5 34. f4 h5 35. Kf3 g4+ 36. hxg4+ hxg4+ 37. Ke3 Ke6 38. Re4+ Kf5 39. Rh1 Kg6
40. Rb1 Kf5 41. Rd4 d5 42. Kd2 Ke6 43. Ra1 Nxb4 44. Rb1 Nc6 45. Rxb5 Nxd4 46.
Rb6+ Kf5 47. Kd3 Nf3 48. Rd6 Ne1+ 49. Ke2 Ng2 50. Rxd5+ Ke4 51. Re5+ Kd4 52.
Kf2 1-0

[Event "Sydney International Open"]
[Site "*"]
[Date "2007.04.10"]
[Round "1.56"]
[White "Setiabudi, Allen"]
[Black "Chan, Jason"]
[Result "0-1"]
[WhiteElo "1476"]
[BlackElo "2099"]
[PlyCount "84"]

1. e4 c5 2. Nc3 e6 3. f4 d6 4. Nf3 Nf6 5. Bb5+ Nfd7 6. O-O Be7 7. f5 O-O 8. d3
a6 9. Bc4 Nb6 10. fxe6 fxe6 11. Bb3 Nc6 12. Be3 Na5 13. Qe1 Nxb3 14. axb3 h6
15. Qg3 Kh7 16. Ne2 e5 17. b4 cxb4 18. d4 Nc4 19. Bf2 Rxf3 20. gxf3 Qf8 21. f4
Nd2 22. f5 Nxf1 23. Qg6+ Kh8 24. Rxf1 Bd7 25. Be3 Qf6 26. Qg2 Bc6 27. d5 Bb5
28. Rf3 Qh4 29. Ng3 Rc8 30. Rf2 Bf6 31. Qf3 Rc4 32. h3 Kh7 33. Kh2 a5 34. Bc1
a4 35. Re2 Be8 36. Qg2 b5 37. Nh1 Bh5 38. Re3 Bg5 39. Ng3 Bxe3 40. Bxe3 Bd1 41.
Ne2 Qh5 42. Ng3 Qf3 0-1

[Event "Sydney International Open"]
[Site "*"]
[Date "2007.04.10"]
[Round "1.57"]
[White "Dizdarevic, Mehmedalija"]
[Black "Evans, Carrie"]
[Result "1-0"]
[WhiteElo "2096"]
[BlackElo "1461"]
[PlyCount "143"]

1. e4 d6 2. d4 Nf6 3. Nc3 g6 4. f4 Bg7 5. Nf3 c5 6. e5 cxd4 7. Qxd4 Ng4 8. h3
Nc6 9. Bb5 Nh6 10. g4 Bd7 11. Bxc6 Bxc6 12. O-O dxe5 13. Qxd8+ Rxd8 14. Nxe5 f5
15. Nxc6 bxc6 16. g5 Nf7 17. Be3 Rd7 18. Rfd1 Nd6 19. Na4 Ne4 20. c3 Rb7 21.
Bd4 Kf7 22. Bxg7 Kxg7 23. Rd3 h6 24. gxh6+ Kxh6 25. Rad1 Kg7 26. Kg2 Kf6 27. b3
g5 28. fxg5+ Kxg5 29. Nb2 Kf6 30. Rf1 e6 31. Nc4 Rg7+ 32. Kh2 Rhg8 33. Ne3 Rg3
34. a4 Ke7 35. Rfd1 Rh8 36. Nxf5+ exf5 37. Rxg3 Nxg3 38. Kxg3 Ke6 39. Rd4 Rh7
40. b4 Ke5 41. Rf4 Rg7+ 42. Kf3 Rh7 43. Rc4 Kd5 44. Rd4+ Ke5 45. Rf4 Rd7 46.
Rc4 Rd3+ 47. Ke2 Rd6 48. Ke3 Rh6 49. Rc5+ Kd6 50. Rxf5 Rh4 51. Ra5 Rxh3+ 52.
Kd4 Rh4+ 53. Kd3 Rh3+ 54. Kc4 Rh4+ 55. Kb3 Rh7 56. Ra6 Rc7 57. b5 Kc5 58. Rxc6+
Rxc6 59. bxc6 Kxc6 60. Kc4 a5 61. Kd4 Kd6 62. c4 Kc6 63. c5 Kc7 64. Kd5 Kd7 65.
c6+ Kc7 66. Kc5 Kc8 67. Kb6 Kb8 68. Kxa5 Kc7 69. Kb5 Kc8 70. Kb6 Kb8 71. a5 Kc8
72. c7 1-0

[Event "Sydney International Open"]
[Site "*"]
[Date "2007.04.10"]
[Round "1.59"]
[White "Gibbons, Robert"]
[Black "Stahnke, Alexander"]
[Result "1-0"]
[WhiteElo "2077"]
[BlackElo "1429"]
[PlyCount "97"]

1. c4 c5 2. Nc3 Nc6 3. Nf3 Nf6 4. g3 g6 5. Bg2 Bg7 6. O-O O-O 7. d4 d6 8. d5
Nb8 9. e4 Nbd7 10. Rb1 Re8 11. Re1 Rb8 12. a3 a6 13. Qd3 Ng4 14. h3 Nge5 15.
Nxe5 Nxe5 16. Qe2 b5 17. b3 Nxc4 18. Nxb5 Na5 19. Na7 Rxb3 20. Nc6 Qb6 21. Rxb3
Nxb3 22. Bb2 Na5 23. Bxg7 Kxg7 24. e5 Nxc6 25. dxc6 Be6 26. Qd3 Qb3 27. Qxa6
Qc3 28. Re3 Qa1+ 29. Kh2 c4 30. c7 d5 31. Qc6 Rc8 32. Qc5 d4 33. Re4 d3 34.
Qxe7 Qc1 35. Qf6+ Kg8 36. Rd4 Qxa3 37. Rd8+ Qf8 38. Rxf8+ Rxf8 39. Qd8 Bc8 40.
Be4 Kg7 41. f4 h5 42. g4 hxg4 43. hxg4 Bxg4 44. f5 gxf5 45. Qxf8+ Kxf8 46.
c8=Q+ Ke7 47. Bxf5 Bf3 48. Qxc4 d2 49. Qb4+ 1-0

[Event "Sydney International Open"]
[Site "*"]
[Date "2007.04.10"]
[Round "1.60"]
[White "Ren, Jonathan"]
[Black "Hornsgaard, Jens Boe"]
[Result "1/2-1/2"]
[WhiteElo "1337"]
[BlackElo "2076"]
[PlyCount "82"]

1. e4 e5 2. Nf3 Nc6 3. d4 exd4 4. Bc4 Nf6 5. e5 d5 6. Bb5 Ne4 7. Nxd4 Bd7 8.
Bxc6 bxc6 9. O-O Bc5 10. Be3 O-O 11. f3 Ng5 12. f4 Ne4 13. Nd2 Nxd2 14. Qxd2 f6
15. c3 Re8 16. Nf3 Qe7 17. Bxc5 Qxc5+ 18. Qd4 Qxd4+ 19. cxd4 Rab8 20. Rf2 Bg4
21. b3 Rb4 22. Rd1 fxe5 23. fxe5 Rf8 24. h3 Bh5 25. g4 Bg6 26. Kg2 Be4 27. Kg3
h6 28. Nh4 Re8 29. Nf5 c5 30. dxc5 Rxe5 31. Nd4 Re8 32. a3 Rbb8 33. b4 Ra8 34.
Nb5 Re7 35. Nc3 c6 36. b5 cxb5 37. Nxd5 Rf7 38. Rxf7 Kxf7 39. Kf4 Bg2 40. Kg3
Be4 41. Kf4 Bg2 1/2-1/2

[Event "Sydney International Open"]
[Site "*"]
[Date "2007.04.10"]
[Round "1.62"]
[White "Sweeney, Matthew"]
[Black "Milligan, Helen"]
[Result "0-1"]
[WhiteElo "1267"]
[BlackElo "2041"]
[PlyCount "48"]

1. e4 e5 2. f4 exf4 3. Nf3 g5 4. Bc4 Bg7 5. O-O d6 6. d4 Nh6 7. Nc3 c6 8. g3
Bh3 9. Nxg5 Bxf1 10. Qxf1 Qxg5 11. Bxf4 Qg6 12. Rd1 O-O 13. e5 d5 14. Bd3 Qe6
15. Rd2 Nd7 16. g4 c5 17. g5 Ng4 18. Qh3 f5 19. Rg2 cxd4 20. Rxg4 dxc3 21. Rh4
cxb2 22. c3 Nxe5 23. Bc2 Ng4 24. Rxh7 Qe1+ 0-1

[Event "Sydney International Open"]
[Site "*"]
[Date "2007.04.10"]
[Round "1.63"]
[White "Hu, Jason"]
[Black "Watson, Jean"]
[Result "1-0"]
[WhiteElo "2038"]
[BlackElo "1234"]
[PlyCount "49"]

1. c4 e6 2. Nf3 Nf6 3. g3 d5 4. Bg2 Be7 5. O-O O-O 6. Qc2 c5 7. cxd5 exd5 8. d4
b6 9. Rd1 Bb7 10. Nc3 Re8 11. Bf4 Bf8 12. Ne5 cxd4 13. Rxd4 Bc5 14. Rd2 Na6 15.
Rad1 Nc7 16. Ne4 Nxe4 17. Bxe4 Qf6 18. Bxh7+ Kh8 19. Nxf7+ Qxf7 20. Bg6 Qe7 21.
Qf5 Bxf2+ 22. Kxf2 Qc5+ 23. Rd4 Rxe2+ 24. Kxe2 Qb5+ 25. Kf2 1-0

[Event "Sydney International Open"]
[Site "*"]
[Date "2007.04.10"]
[Round "1.64"]
[White "McKenzie, Mark"]
[Black "Camer, Angelito"]
[Result "0-1"]
[WhiteElo "1214"]
[BlackElo "2028"]
[PlyCount "64"]

1. d4 d5 2. c4 dxc4 3. Nc3 Nf6 4. e4 e5 5. d5 b5 6. Bg5 Bc5 7. Qc2 a6 8. O-O-O
Qd6 9. Nf3 Bg4 10. h3 Bxf3 11. gxf3 Nbd7 12. Kb1 O-O 13. Be3 Rfb8 14. Ne2 Bxe3
15. fxe3 Nc5 16. Ng3 g6 17. Qg2 Kh8 18. Rg1 Rg8 19. Qh2 a5 20. Rd2 a4 21. Rdg2
a3 22. b3 cxb3 23. axb3 Nxb3 24. Ra2 Qb4 25. Kc2 Na1+ 26. Rxa1 Qb2+ 27. Kd3
Qxh2 28. Rg2 Qxh3 29. Raa2 Qd7 30. Rh2 b4 31. Kc2 Qa4+ 32. Kc1 b3 0-1

[Event "Sydney International Open"]
[Site "*"]
[Date "2007.04.10"]
[Round "1.65"]
[White "Voon, Richard"]
[Black "Kumar, Sanjesh"]
[Result "1-0"]
[WhiteElo "2023"]
[BlackElo "1153"]
[PlyCount "109"]

1. Nf3 d5 2. d4 Bg4 3. Nbd2 e6 4. g3 Nf6 5. Bg2 c5 6. c3 Nc6 7. O-O Bd6 8. dxc5
Bxc5 9. b4 Bd6 10. a3 O-O 11. Bb2 b5 12. Re1 a6 13. e4 dxe4 14. Nxe4 Be7 15.
Qb3 Rc8 16. Rad1 Qc7 17. c4 bxc4 18. Qxc4 Nxe4 19. Qxe4 Bf5 20. Qc4 Qb6 21. Qe2
Rb8 22. Ne5 Nxe5 23. Bxe5 Rbd8 24. Rc1 Rc8 25. h4 h6 26. Qb2 f6 27. Bd4 Qd6 28.
Bb7 Rxc1 29. Rxc1 e5 30. Bc5 Qd7 31. Bxe7 Qxe7 32. Bxa6 Ra8 33. Bc4+ Kh8 34.
Bd5 Ra6 35. Ra1 Rd6 36. Bg2 Qa7 37. a4 Rd4 38. a5 Rc4 39. Rc1 Rxc1+ 40. Qxc1
Qd4 41. Qc5 Qd3 42. b5 Be4 43. Bxe4 Qxe4 44. a6 Qa4 45. a7 Kh7 46. b6 Qa6 47.
Qc6 Qa1+ 48. Kg2 Qd4 49. a8=Q f5 50. h5 Qe4+ 51. Qxe4 fxe4 52. Qxe4+ Kh8 53. b7
g5 54. b8=R+ Kg7 55. Qg6# 1-0

[Event "Sydney International Open"]
[Site "*"]
[Date "2007.04.10"]
[Round "1.67"]
[White "Karenlampi, Pirkka"]
[Black "Anton, Sarah"]
[Result "1-0"]
[WhiteElo "2021"]
[BlackElo "754"]
[PlyCount "87"]

1. e4 c5 2. Nf3 d6 3. d4 cxd4 4. Nxd4 Nf6 5. Nc3 e6 6. Be3 Be7 7. f3 Bd7 8. Qd2
Nc6 9. O-O-O a6 10. g4 Nxd4 11. Bxd4 Qc7 12. Kb1 O-O 13. h4 e5 14. Be3 Bc6 15.
Nd5 Bxd5 16. exd5 Kh8 17. h5 Ng8 18. Bd3 Qd7 19. Bf5 Qd8 20. g5 f6 21. g6 h6
22. Rdg1 Re8 23. Be6 Bf8 24. Bxg8 Re7 25. Be6 b5 26. Rg2 Raa7 27. Bxa7 Rxa7 28.
Re1 Be7 29. Re3 Ra8 30. Rc3 Bf8 31. Rc6 Be7 32. Qc3 a5 33. Rc8 Rxc8 34. Qxc8
Qxc8 35. Bxc8 Kg8 36. Rg4 Kf8 37. b4 a4 38. c4 Bd8 39. cxb5 Ke7 40. Bf5 Bc7 41.
Rc4 Kd8 42. b6 Bxb6 43. Rc8+ Ke7 44. Rg8 1-0

[Event "Sydney International Open"]
[Site "*"]
[Date "2007.04.10"]
[Round "1.68"]
[White "Tan, Justin"]
[Black "Mendes da Costa, Alex"]
[Result "0-1"]
[WhiteElo "367"]
[BlackElo "2017"]
[PlyCount "56"]

1. e4 e5 2. Nf3 Nc6 3. Bb5 g6 4. d4 exd4 5. Bg5 Be7 6. Bxe7 Qxe7 7. Bxc6 dxc6
8. Qxd4 Nf6 9. Nc3 Be6 10. O-O O-O 11. h3 c5 12. Qe3 Rfe8 13. Qh6 a6 14. Ng5
Qf8 15. Qh4 Qg7 16. e5 Nd7 17. f4 f6 18. exf6 Nxf6 19. Nxe6 Rxe6 20. Rae1 Rae8
21. Rd1 b5 22. Rd3 b4 23. Nd5 Nxd5 24. Rxd5 Re2 25. Rd8 Qxb2 26. Rxe8+ Rxe8 27.
Re1 Qd4+ 28. Qf2 Rxe1+ 0-1

[Event "Sydney International Open"]
[Site "*"]
[Date "2007.04.11"]
[Round "2.4"]
[White "Chandler, Murray G"]
[Black "Yu, Ronald"]
[Result "1-0"]
[WhiteElo "2548"]
[BlackElo "2177"]
[PlyCount "99"]

1. e4 c6 2. c4 d5 3. exd5 cxd5 4. cxd5 Nf6 5. Nc3 Nxd5 6. Nf3 Nc6 7. Bb5 Nxc3
8. bxc3 Qd5 9. Qa4 Bd7 10. O-O a6 11. Bc4 Qh5 12. Qd1 e6 13. d4 Bd6 14. Be2 Qa5
15. c4 O-O 16. Be3 Ne7 17. Rb1 Bc6 18. Qd3 Rac8 19. Ng5 Qf5 20. Qd2 Qg6 21. Bd3
f5 22. f4 Rfd8 23. Qe2 h6 24. Nf3 Bb8 25. Rbe1 Bxf3 26. Qxf3 Nc6 27. c5 Rc7 28.
Bc4 Re7 29. d5 exd5 30. Bxd5+ Kh7 31. Bf2 Rde8 32. Rxe7 Rxe7 33. g3 Ba7 34. Rd1
Qe8 35. Bb3 g6 36. Qc3 h5 37. Qf3 Kh6 38. Bd5 Nd8 39. Bb3 Nc6 40. Qc3 Kh7 41.
Bc4 Qf8 42. Bf1 Rc7 43. Bg2 Nb8 44. Qe5 Qc8 45. Rd6 Nc6 46. Bxc6 bxc6 47. Bd4
Rb7 48. Qf6 Qg8 49. Rd8 Rf7 50. Qh8+ 1-0

[Event "Sydney International Open"]
[Site "*"]
[Date "2007.04.11"]
[Round "2.7"]
[White "Chokshi, Manthan"]
[Black "Zhao, Zong-Yuan"]
[Result "1/2-1/2"]
[WhiteElo "2168"]
[BlackElo "2476"]
[PlyCount "57"]

1. e4 c5 2. Nf3 Nc6 3. d4 cxd4 4. Nxd4 Nf6 5. Nc3 e5 6. Ndb5 d6 7. Nd5 Nxd5 8.
exd5 Nb8 9. c4 Be7 10. Be2 O-O 11. c5 Na6 12. cxd6 Bxd6 13. O-O Nc7 14. Nc3 f5
15. f4 exf4 16. Bxf4 Bxf4 17. Rxf4 Qd6 18. Qd4 Bd7 19. Raf1 g5 20. R4f3 Ne6 21.
Qf2 Ng7 22. Bb5 Rfe8 23. Bxd7 Qxd7 24. Qd4 Qd6 25. Nb5 Qd7 26. Nc3 Qd6 27. Nb5
Qd7 28. Nc3 Qd6 29. Nb5 1/2-1/2

[Event "Sydney International Open"]
[Site "*"]
[Date "2007.04.11"]
[Round "2.10"]
[White "Antic, Dejan"]
[Black "Cunanan, Homer"]
[Result "1-0"]
[WhiteElo "2443"]
[BlackElo "2150"]
[PlyCount "77"]

1. d4 Nf6 2. c4 e6 3. Nf3 c5 4. d5 exd5 5. cxd5 d6 6. Nc3 g6 7. h3 Bg7 8. e4
O-O 9. Bd3 Re8 10. O-O Na6 11. Re1 Nc7 12. a4 b6 13. Bf4 Ba6 14. Bc2 Bc8 15.
Qd2 a6 16. Bd3 Ra7 17. Rab1 b5 18. axb5 axb5 19. b4 c4 20. Bc2 Ra3 21. Nd4 Qd7
22. Ra1 Rxc3 23. Qxc3 Nfxd5 24. exd5 Rxe1+ 25. Rxe1 Nxd5 26. Qf3 Nxb4 27. Bd2
Nxc2 28. Nxc2 d5 29. Bc3 d4 30. Bxd4 Bxd4 31. Nxd4 Qxd4 32. Re8+ Kg7 33. Rxc8
b4 34. Qe3 Qd1+ 35. Kh2 Qd6+ 36. f4 c3 37. Qe5+ Qxe5 38. fxe5 g5 39. Rc4 1-0

[Event "Sydney International Open"]
[Site "*"]
[Date "2007.04.11"]
[Round "2.15"]
[White "Lazarus, Benjamin"]
[Black "Xie, George"]
[Result "0-1"]
[WhiteElo "2140"]
[BlackElo "2404"]
[PlyCount "80"]

1. e4 c5 2. Nf3 Nc6 3. d4 cxd4 4. Nxd4 Nf6 5. Nc3 e5 6. Ndb5 d6 7. Bg5 a6 8.
Na3 b5 9. Nd5 Be7 10. Bxf6 Bxf6 11. c3 Bg5 12. Nc2 Ne7 13. Ncb4 O-O 14. g3 Be6
15. h4 Bh6 16. Bh3 a5 17. Nxe7+ Qxe7 18. Nd5 Qb7 19. a3 f5 20. O-O Rae8 21. Qd3
Kh8 22. Bg2 f4 23. Rad1 g5 24. hxg5 Bxg5 25. Kh2 Qg7 26. Rde1 Bg4 27. Rh1 fxg3+
28. fxg3 Rf2 29. Kg1 Ref8 30. Bh3 R2f3 31. Ne3 Rxg3+ 32. Bg2 Bxe3+ 33. Rxe3
Rxg2+ 34. Kxg2 Bf3+ 35. Kf1 Bxe4+ 36. Ke1 Bxd3 37. Rxd3 Qg6 38. Rdh3 Qb1+ 39.
Kd2 Qxb2+ 40. Kd3 e4+ 0-1

[Event "Sydney International Open"]
[Site "*"]
[Date "2007.04.11"]
[Round "2.21"]
[White "Gibbons, Robert"]
[Black "Ly, Moulthun"]
[Result "1-0"]
[WhiteElo "2077"]
[BlackElo "2322"]
[PlyCount "85"]

1. d4 Nf6 2. c4 e6 3. Nc3 Bb4 4. Qc2 d5 5. cxd5 exd5 6. Bg5 c5 7. e3 cxd4 8.
exd4 Nc6 9. Bb5 O-O 10. Nge2 Be7 11. O-O Be6 12. a3 Rc8 13. Rfd1 a6 14. Bxc6
Rxc6 15. Nf4 Qd7 16. Nxe6 fxe6 17. Qd2 Bd6 18. Bxf6 Rxf6 19. g3 Rc8 20. f4 Rcf8
21. Rf1 Qf7 22. Qe2 b5 23. Rae1 Bb8 24. Qd3 h6 25. Qd1 Ba7 26. Ne2 Qg6 27. Qb1
Qh5 28. Kg2 g5 29. Qd3 Qf7 30. Rc1 Bb8 31. Rc6 Qg7 32. Kh1 Qb7 33. Qc2 Kh8 34.
Kg2 Qg7 35. Kh1 gxf4 36. gxf4 Qf7 37. Rg1 Qh5 38. Qd3 a5 39. Qg3 Qf7 40. Rb6
Qh7 41. Rxb5 Bxf4 42. Nxf4 Rxf4 43. Qxf4 1-0

[Event "Sydney International Open"]
[Site "*"]
[Date "2007.04.11"]
[Round "2.22"]
[White "Smirnov, Vladimir"]
[Black "Zirdum, Ivan"]
[Result "0-1"]
[WhiteElo "2319"]
[BlackElo "2061"]
[PlyCount "45"]

1. d4 Nf6 2. Bg5 e6 3. e4 h6 4. Bxf6 Qxf6 5. c3 d6 6. Bd3 g5 7. Ne2 Nc6 8. Na3
Bd7 9. Ng3 a6 10. Qe2 Qe7 11. Nc4 e5 12. d5 Nd8 13. a4 Bg7 14. a5 O-O 15. Ne3
f6 16. Ngf5 Qe8 17. h4 Nf7 18. Qh5 Kh7 19. hxg5 fxg5 20. f3 Rh8 21. Ng4 Nd8 22.
Qxg5 Qg6 23. Rxh6+ 0-1

[Event "Sydney International Open"]
[Site "*"]
[Date "2007.05.11"]
[Round "2.24"]
[White "Garbett, Paul"]
[Black "Hu, Jason"]
[Result "1/2-1/2"]
[WhiteElo "2313"]
[BlackElo "2038"]
[PlyCount "73"]

1. e4 c6 2. d4 d5 3. Nd2 dxe4 4. Nxe4 Nd7 5. Ng5 Ngf6 6. Bd3 e6 7. Qe2 Bd6 8.
N1f3 h6 9. Ne4 Nxe4 10. Qxe4 Nf6 11. Qe2 O-O 12. O-O Qc7 13. b3 b6 14. Bb2 Bb7
15. c4 Rad8 16. Rad1 Rfe8 17. h3 c5 18. dxc5 Qxc5 19. Ne5 Qa5 20. a3 Bxe5 21.
b4 Bh2+ 22. Kxh2 Qg5 23. f4 Qh5 24. Bxf6 Qxe2 25. Bxe2 gxf6 26. Rxd8 Rxd8 27.
Rd1 Rxd1 28. Bxd1 f5 29. Kg3 f6 30. Kf2 Kf7 31. Bc2 Ke7 32. g3 Kd6 33. Ke3 Bg2
34. h4 Bc6 35. Bd1 e5 36. Bc2 Bd7 37. Bd3 1/2-1/2

[Event "Sydney International Open"]
[Site "*"]
[Date "2007.04.11"]
[Round "2.25"]
[White "Camer, Angelito"]
[Black "Smith, Robert W"]
[Result "1/2-1/2"]
[WhiteElo "2028"]
[BlackElo "2294"]
[PlyCount "83"]

1. d4 Nf6 2. c4 e6 3. g3 Bb4+ 4. Bd2 Qe7 5. Bg2 Bxd2+ 6. Qxd2 a5 7. e4 d6 8.
Ne2 e5 9. Nbc3 O-O 10. O-O c6 11. Rad1 Be6 12. c5 Bc4 13. cxd6 Qxd6 14. f4 exd4
15. e5 Qc5 16. Qxd4 Nfd7 17. Rfe1 Na6 18. Ne4 Qxd4+ 19. Rxd4 Bd5 20. N2c3 Bxe4
21. Nxe4 Ndc5 22. Nd6 Rfd8 23. Red1 Kf8 24. Nc4 Rxd4 25. Rxd4 Nc7 26. Nb6 N7e6
27. Rd2 Rd8 28. Rxd8+ Nxd8 29. Kf1 Ke7 30. Ke2 Nde6 31. Ke3 g6 32. g4 g5 33. f5
Nf4 34. Bf1 Nd7 35. Nxd7 Kxd7 36. Bc4 Ke7 37. a4 f6 38. Ke4 Nh3 39. Be2 b6 40.
b3 Nf4 41. Bc4 Nh3 42. Be2 1/2-1/2

[Event "Sydney International Open"]
[Site "*"]
[Date "2007.04.11"]
[Round "2.27"]
[White "Vlietstra, Marc"]
[Black "Stojic, Dusan"]
[Result "1-0"]
[WhiteElo "2022"]
[BlackElo "2271"]
[PlyCount "63"]

1. e4 c5 2. Nf3 d6 3. d4 cxd4 4. Nxd4 Nf6 5. Nc3 a6 6. Bg5 e6 7. f4 Be7 8. Bc4
h6 9. Bxf6 Bxf6 10. Qd2 b5 11. Bb3 Qb6 12. O-O-O Nd7 13. g4 Bb7 14. Rhe1 Nc5
15. Kb1 O-O-O 16. Qe3 Kb8 17. f5 Nxb3 18. axb3 e5 19. Nf3 Qxe3 20. Rxe3 Be7 21.
Nd5 Bxd5 22. Rxd5 Rc8 23. Red3 Rcd8 24. Ka2 Kc7 25. Rc3+ Kb6 26. Rcd3 g6 27. f6
Bf8 28. Nxe5 Rh7 29. c4 g5 30. c5+ Kb7 31. Nf3 Kc7 32. e5 1-0